On Each Day of September Quiz Stats

Quiz Updated Sep 5, 2017

Challenge
Share
Tweet
Score 0/30 Timer 10:00
11 Plays Today
% Correct
RMS Titanic
92.9%
Egypt
89.4%
Swastika
83.1%
Rome
81.5%
James Bond
80%
Neptune
79.3%
John F. Kennedy
76.9%
Mao Zedong
76.8%
Thomas Edison
76.3%
The Hobbit, or There and Back Again
73.3%
Scotland
72.8%
Northern Ireland
72%
Christianity
69.7%
William McKinley
68.9%
Cleopatra VII
67%
% Correct
Space Shuttle
62.7%
Smallpox
58.4%
Wyoming
56.5%
Gunsmoke
52.5%
Philippines
48.6%
Francis Drake
48%
Metre
47%
Singapore
46.8%
The Magic Flute
43.6%
James Garfield
37.9%
Dmitry Medvedev
32.1%
Zero Mostel
28.4%
Kramer vs. Kramer
20.1%
Lancaster, Pennsylvania
18.7%
Michael Faraday
17.9%

You're not logged in!

Compare scores with friends on all Sporcle quizzes.
Sign Up with Email
OR
Log In

You Might Also Like...

Show Comments

Extras

Top Quizzes Today


Score Distribution

Your Account Isn't Verified!

In order to create a playlist on Sporcle, you need to verify the email address you used during registration. Go to your Sporcle Settings to finish the process.